00457 a2200133 4500260001000000100001900010260007100029245012700100300001000227650001400237260000900251130000700260440005600267 aParis aBOTERF, Guy le bLigue Française de l'enseignement et de l'éducation permanente aL'Enquête participation en question : analyse d'une expérience, description d'une méthode, et réflexions critiques a391p. aEDUCATION c[SD] lFr aThéories et pratiques de l'éducation permanente